000
00317nam a2200133Ia 4500
005
20260328104311.0
008
260328s9999||||xx |||||||||||||| ||und||
100
_a
Hall, John
245
0
_a
Pompeii :
_b
the vanished City /
_c
John Hall
260
_b
Time Life
300
_a
165 p.
650
_a
POMPE II
942
_c
REF
999
_c
10978
_d
10978